Statistics for World Capitals Closest to Vienna - 30 Second Sprint

Click here to take the quiz!

General Stats

  • This quiz has been taken 39 times
  • The average score is 8 of 20

Answer Stats

kmcapitalmiles% Correct
524Berlin326
87%
684Berne425
81%
215Budapest133
77%
251Prague156
74%
56Bratislava35
71%
766Rome476
71%
278Ljubljana173
58%
268Zagreb167
52%
527Vaduz327
45%
557Warsaw346
42%
490Belgrade305
39%
564San Marino350
35%
509Sarajevo316
29%
766Vatican City476
23%
797Skopje495
13%
813Tirana505
10%
681Podgorica423
6%
722Pristina429
6%
820Sofia510
6%
764Luxembourg475
3%

Score Distribution

Percentile by Number Answered

Percent of People with Each Score

Your Score History

You have not taken this quiz